[Event "World Senior Teams +65"]
[Site "Radebeul GER"]
[Date "2016.07.01"]
[Round "6.19"]
[Board "1"]
[White "Kempe, Rainer"]
[Black "Danner, Lambert"]
[Result "0-1"]
[WhiteElo "2006"]
[BlackElo "2086"]
[WhiteTeam "Stiftung BSW / DBAG III"]
[BlackTeam "Wien 2"]
[WhiteFideId "12975206"]
[BlackFideId "1305840"]
[EventDate "2016.06.26"]

1. d4 f5 2. Nc3 Nf6 3. Bg5 e6 4. e4 fxe4 5. Nxe4 Be7 6. Bxf6 Bxf6 7. Nf3 Be7 8.
Bd3 d5 9. Ng3 c5 10. Ne5 g6 11. Qg4 Bf6 12. Bxg6+ hxg6 13. Qxg6+ Ke7 14. Qd3
Bxe5 15. dxe5 Qg8 16. O-O-O Qg5+ 17. Kb1 b6 18. h4 Qg4 19. h5 Ba6 20. Qg6 Qxg6
21. hxg6 Nd7 22. f4 Rag8 23. Rxh8 Rxh8 24. f5 Nxe5 25. Re1 Kf6 26. g7 Rg8 27.
fxe6 Kxe6 28. Nh5 Bb5 29. c3 Be8 30. Nf4+ Kd6 31. Rd1 Bf7 32. Nxd5 Bxd5 0-1

[Event "World Senior Teams +65"]
[Site "Radebeul GER"]
[Date "2016.07.01"]
[Round "6.19"]
[Board "2"]
[White "Nickl, Klaus"]
[Black "Ehlert, Joachim"]
[Result "1-0"]
[WhiteElo "2028"]
[BlackElo "2007"]
[WhiteTeam "Wien 2"]
[BlackTeam "Stiftung BSW / DBAG III"]
[WhiteFideId "1601024"]
[BlackFideId "4698363"]
[EventDate "2016.06.26"]

1. d4 Nf6 2. Bg5 h6 3. Bxf6 exf6 4. g3 d5 5. Bg2 c6 6. Nf3 Qb6 7. b3 Bf5 8. O-O
Na6 9. Nbd2 Ba3 10. e4 dxe4 11. Nh4 Bh7 12. Bxe4 O-O 13. Bxh7+ Kxh7 14. Nc4 Qb4
15. Qd3+ Kg8 16. Rad1 b5 17. Ne3 Qa5 18. c3 Bd6 19. Nhf5 Qd8 20. Qe4 Kh8 21.
Qxc6 1-0

[Event "World Senior Teams +65"]
[Site "Radebeul GER"]
[Date "2016.07.01"]
[Round "6.19"]
[Board "3"]
[White "Francke, Dirk"]
[Black "Eidenberger, Otto"]
[Result "1/2-1/2"]
[WhiteElo "1952"]
[BlackElo "2000"]
[WhiteTeam "Stiftung BSW / DBAG III"]
[BlackTeam "Wien 2"]
[WhiteFideId "12975320"]
[BlackFideId "1621874"]
[EventDate "2016.06.26"]

1. b4 Nf6 2. Bb2 e6 3. a3 c5 4. bxc5 Bxc5 5. e3 d5 6. Nf3 O-O 7. d4 Be7 8. c4 b6
9. Nbd2 Ba6 10. Rc1 Ne4 11. Bd3 f5 12. Ne5 Bd6 13. Ndf3 Bb7 14. cxd5 exd5 15.
O-O Qe8 16. a4 Rf6 17. Bb5 Qh5 18. g3 g5 19. Qd3 a6 20. Bd7 Rh6 21. Bc8 Ra7 22.
Bxb7 Rxb7 23. Rc8+ Kg7 24. Rfc1 Qh3 25. Qf1 Qh5 26. Qg2 b5 27. a5 Re6 28. Rd8
Nf6 29. Rdc8 Bb4 30. Nc6 Nxc6 31. R1xc6 Rbe7 32. Bc3 Ba3 33. Be1 Ne4 34. R8c7
Qf7 35. Rc8 Rxc6 36. Rxc6 Re6 37. Ne5 Qe8 38. Rc7+ Re7 39. Rxe7+ Qxe7 40. Qf1
Qc7 41. Kg2 Qc2 42. Nd3 Qc4 43. Qe2 Bd6 44. f3 Nc3 45. Qc2 Na2 46. Qb1 b4 47.
Nb2 Qb3 48. Qxf5 Qxb2+ 49. Kh3 Be7 50. Qxd5 Nc3 51. Qd7 Kf6 52. Qc6+ Kf7 53.
Qc4+ Ke8 54. Qc8+ 1/2-1/2

[Event "World Senior Teams +65"]
[Site "Radebeul GER"]
[Date "2016.07.01"]
[Round "6.19"]
[Board "4"]
[White "Karlstoetter, Kurt"]
[Black "Warnke, Eberhard"]
[Result "1/2-1/2"]
[WhiteElo "1848"]
[BlackElo "1868"]
[WhiteTeam "Wien 2"]
[BlackTeam "Stiftung BSW / DBAG III"]
[WhiteFideId "1642863"]
[BlackFideId "24677507"]
[EventDate "2016.06.26"]

1. e4 c5 2. Nf3 Nc6 3. d4 cxd4 4. Nxd4 e6 5. Be3 a6 6. Be2 Qc7 7. O-O Nf6 8. Nd2
d6 9. f4 Be7 10. Qe1 Nxd4 11. Bxd4 Qxc2 12. Rc1 Qa4 13. Rc4 Qa5 14. Qc1 Qd8 15.
Rc7 Nd7 16. Rc3 Bf6 1/2-1/2

[Event "World Senior Teams +65"]
[Site "Radebeul GER"]
[Date "2016.07.01"]
[Round "6.20"]
[Board "1"]
[White "Harding, Tim D"]
[Black "Schmidt, Gerhard3"]
[Result "1/2-1/2"]
[WhiteTitle "CM"]
[WhiteElo "2001"]
[BlackElo "2077"]
[WhiteTeam "Ireland"]
[BlackTeam "Saxone"]
[WhiteFideId "2500256"]
[BlackFideId "12962260"]
[EventDate "2016.06.26"]

1. d4 Nf6 2. c4 g6 3. f3 Bg7 4. e4 d6 5. Be3 O-O 6. Ne2 e5 7. Qd2 exd4 8. Nxd4
Nc6 9. Nc3 Nxd4 10. Bxd4 Ne8 11. Be2 a6 12. O-O Bd7 13. Rad1 Bc6 14. c5 Bxd4+
15. Qxd4 Qe7 16. cxd6 Nxd6 17. Nd5 Bxd5 18. Qxd5 Rad8 19. Qc5 Nc8 20. Qxe7 Nxe7
21. Bc4 Nc8 22. e5 Kg7 23. f4 Rfe8 24. Bd5 c6 25. Bf3 Ne7 26. Kf2 f6 27. Rfe1
fxe5 28. Rxd8 Rxd8 29. Rxe5 Kf6 1/2-1/2

[Event "World Senior Teams +65"]
[Site "Radebeul GER"]
[Date "2016.07.01"]
[Round "6.20"]
[Board "2"]
[White "Roos, Hans-Goerg"]
[Black "Daly, Patrick"]
[Result "1/2-1/2"]
[WhiteElo "1948"]
[BlackElo "1912"]
[WhiteTeam "Saxone"]
[BlackTeam "Ireland"]
[WhiteFideId "4689496"]
[BlackFideId "2503131"]
[EventDate "2016.06.26"]

1. Nf3 f5 2. g3 Nf6 3. b3 e6 4. Bb2 Be7 5. Bg2 O-O 6. c4 d6 7. O-O e5 8. d3 Qe8
9. Nc3 c6 10. e3 Qh5 11. Nh4 Qh6 12. e4 f4 13. Nf5 Bxf5 14. exf5 Nbd7 15. Ne4
Rad8 16. Qe2 Nxe4 17. dxe4 Nf6 18. Rad1 g6 19. g4 Qh4 20. h3 g5 21. f3 c5 22.
Bc3 Qh6 23. Qf2 1/2-1/2

[Event "World Senior Teams +65"]
[Site "Radebeul GER"]
[Date "2016.07.01"]
[Round "6.20"]
[Board "3"]
[White "Murray, Jim G."]
[Black "Goerden, Hans-Juergen"]
[Result "1-0"]
[WhiteElo "1834"]
[BlackElo "1821"]
[WhiteTeam "Ireland"]
[BlackTeam "Saxone"]
[WhiteFideId "2501490"]
[BlackFideId "12911216"]
[EventDate "2016.06.26"]

1. e4 c5 2. b3 Nc6 3. f4 d6 4. Bb5 Bd7 5. Bb2 e6 6. Nf3 a6 7. Bxc6 Bxc6 8. d3
Ne7 9. O-O d5 10. Nbd2 d4 11. Nc4 g6 12. c3 Bg7 13. cxd4 cxd4 14. Nce5 f6 15.
Nxc6 Nxc6 16. e5 O-O 17. Qe2 f5 18. Rac1 Bh6 19. g3 Qb6 20. Rc4 Rfc8 21. Qf2 Bf8
22. Ng5 Re8 23. Rfc1 Rad8 24. Nf3 Rd5 25. Qg2 Red8 26. Qh3 h6 27. g4 R8d7 28.
Kh1 Qd8 29. Rg1 Rg7 30. Qxh6 Qe8 31. gxf5 exf5 32. Ng5 Rdd7 33. Qh3 b5 34. Rxc6
Qa8 35. Qg2 1-0

[Event "World Senior Teams +65"]
[Site "Radebeul GER"]
[Date "2016.07.01"]
[Round "6.20"]
[Board "4"]
[White "Stavenhagen, Johannes"]
[Black "O'Leary, Matt"]
[Result "1/2-1/2"]
[WhiteElo "1914"]
[BlackElo "1862"]
[WhiteTeam "Saxone"]
[BlackTeam "Ireland"]
[WhiteFideId "24615706"]
[BlackFideId "2501970"]
[EventDate "2016.06.26"]

1. d4 Nf6 2. c4 e6 3. Nf3 d5 4. Nc3 Be7 5. e3 O-O 6. Bd3 dxc4 7. Bxc4 c5 8. O-O
Nc6 9. dxc5 Bxc5 10. a3 a6 11. b4 Bd6 12. Qe2 b5 13. Bb3 Bb7 14. Rd1 Qc7 15. Bb2
Ne5 16. e4 Nxf3+ 17. Qxf3 Bxh2+ 18. Kh1 Qf4 19. Qxf4 Bxf4 20. Ne2 Bh6 21. f3
Rfd8 22. Kh2 Rac8 23. Rxd8+ Rxd8 24. Rd1 Rxd1 25. Bxd1 Nd7 26. Bd4 g6 27. a4 Bf8
28. axb5 axb5 29. Nc3 Bc6 30. Be2 Bxb4 31. Nxb5 e5 32. Bb2 1/2-1/2

[Event "World Senior Teams +65"]
[Site "Radebeul GER"]
[Date "2016.07.01"]
[Round "6.21"]
[Board "1"]
[White "Johansson, Per"]
[Black "Niebuhr, Gerd"]
[Result "1/2-1/2"]
[WhiteElo "1935"]
[BlackElo "1931"]
[WhiteTeam "Sweden 3"]
[BlackTeam "Freibauer Niedersachsen"]
[WhiteFideId "1703552"]
[BlackFideId "24616443"]
[EventDate "2016.06.26"]

1. d4 Nf6 2. Nf3 e6 3. c4 c5 4. d5 exd5 5. cxd5 d6 6. Nc3 g6 7. g3 Bg7 8. Bg2
O-O 9. O-O a6 10. a4 Nbd7 11. Nd2 Re8 12. Nc4 Nb6 13. Nxb6 Qxb6 14. a5 Qc7 15.
h3 Rb8 16. e4 b5 17. axb6 Qxb6 18. Ra2 Qb3 1/2-1/2

[Event "World Senior Teams +65"]
[Site "Radebeul GER"]
[Date "2016.07.01"]
[Round "6.21"]
[Board "2"]
[White "Juergens, Peter2"]
[Black "Sandklef, Ake"]
[Result "1/2-1/2"]
[WhiteElo "1938"]
[BlackElo "1917"]
[WhiteTeam "Freibauer Niedersachsen"]
[BlackTeam "Sweden 3"]
[WhiteFideId "4694694"]
[BlackFideId "1708724"]
[EventDate "2016.06.26"]

1. d4 d5 2. Bf4 Nf6 3. e3 Bf5 4. c4 e6 5. Nc3 c6 6. Qb3 Qb6 7. c5 Qxb3 8. axb3
Nbd7 9. Nf3 Be7 10. b4 O-O 11. Be2 a6 12. h3 Rfe8 13. O-O Ne4 14. Rfd1 Ndf6 15.
Nd2 1/2-1/2

[Event "World Senior Teams +65"]
[Site "Radebeul GER"]
[Date "2016.07.01"]
[Round "6.21"]
[Board "3"]
[White "Nyberg, Bo"]
[Black "Hellwege, Werner"]
[Result "1/2-1/2"]
[WhiteElo "1899"]
[BlackElo "1895"]
[WhiteTeam "Sweden 3"]
[BlackTeam "Freibauer Niedersachsen"]
[WhiteFideId "1710583"]
[BlackFideId "4661460"]
[EventDate "2016.06.26"]

1. d4 Nf6 2. Bf4 g6 3. Nf3 Bg7 4. e3 O-O 5. c3 d6 6. Bc4 b6 7. Nbd2 Bb7 8. O-O
c5 9. Re1 Ne4 10. Rc1 Nd7 11. Nxe4 Bxe4 12. Ng5 Bb7 13. Qb3 Qe8 14. Rcd1 h6 15.
Nf3 Nf6 16. dxc5 Bxf3 17. gxf3 bxc5 18. Qc2 Kh7 19. e4 Nd7 20. Bb5 Qc8 21. Bxd7
Qxd7 22. Kg2 Qc7 23. c4 Qa5 24. b3 Qc3 25. Re2 1/2-1/2

[Event "World Senior Teams +65"]
[Site "Radebeul GER"]
[Date "2016.07.01"]
[Round "6.21"]
[Board "4"]
[White "Nagorni, Walter"]
[Black "Norevall, Ulf"]
[Result "1/2-1/2"]
[WhiteElo "1982"]
[BlackElo "1749"]
[WhiteTeam "Freibauer Niedersachsen"]
[BlackTeam "Sweden 3"]
[WhiteFideId "4666593"]
[BlackFideId "1705555"]
[EventDate "2016.06.26"]

1. Nf3 f5 2. g3 Nf6 3. Bg2 d6 4. d4 c6 5. O-O g6 6. c4 Bg7 7. Nc3 O-O 8. Bg5 h6
9. Bxf6 Bxf6 10. Qc2 Kh7 11. Rfd1 Qc7 12. Rac1 Be6 13. d5 Bf7 14. e4 fxe4 15.
Nxe4 Nd7 16. Nxf6+ Nxf6 17. dxc6 bxc6 18. Nd4 Rac8 19. Nxc6 Be8 20. Nd4 Bd7 21.
Qe2 e5 22. Nb5 Bxb5 23. cxb5 Qxc1 24. Rxc1 Rxc1+ 25. Bf1 Rfc8 26. Kg2 e4 27. Qe3
R8c7 28. Qd4 Rf7 29. Bc4 d5 30. Bxd5 Nxd5 31. Qxd5 Re7 32. Qd6 Rec7 33. a4 h5
34. h4 Rf7 35. b4 e3 36. fxe3 Rc2+ 37. Kh3 Rff2 38. Qe7+ Kh6 39. Qg5+ Kh7 40.
Qe7+ Kh6 1/2-1/2

[Event "World Senior Teams +65"]
[Site "Radebeul GER"]
[Date "2016.07.01"]
[Round "6.22"]
[Board "1"]
[White "Burda, Walter"]
[Black "Lomer, Edmund"]
[Result "0-1"]
[WhiteElo "2062"]
[BlackElo "2043"]
[WhiteTeam "SV Dresden-Striesen 1990 e.V."]
[BlackTeam "Randbauern"]
[WhiteFideId "16203321"]
[BlackFideId "4664884"]
[EventDate "2016.06.26"]

1. e4 d5 2. exd5 Qxd5 3. Nc3 Qa5 4. d4 c6 5. h3 Nf6 6. Nf3 Bf5 7. Bd2 Qb6 8. Na4
Qc7 9. Nc5 e6 10. Bd3 Bxd3 11. Nxd3 Be7 12. O-O O-O 13. Qe2 Nbd7 14. c4 Rfd8 15.
Bg5 Nf8 16. Rad1 Ng6 17. Nfe5 Nxe5 18. dxe5 Ne8 19. a3 h6 20. Be3 c5 21. Qc2 Qc6 0-1

[Event "World Senior Teams +65"]
[Site "Radebeul GER"]
[Date "2016.07.01"]
[Round "6.22"]
[Board "2"]
[White "Schnaitmann, Herbert"]
[Black "Groschup, Gerhard"]
[Result "1/2-1/2"]
[WhiteElo "1975"]
[BlackElo "1999"]
[WhiteTeam "Randbauern"]
[BlackTeam "SV Dresden-Striesen 1990 e.V."]
[WhiteFideId "12916277"]
[BlackFideId "24679747"]
[EventDate "2016.06.26"]

1. Nc3 d5 2. e4 d4 3. Nce2 e5 4. Ng3 Nf6 5. Nf3 Bd6 6. Bc4 O-O 7. d3 Nc6 8. a3
h6 9. O-O Bg4 10. h3 Bd7 11. Nh2 Ne7 12. Nh5 Ng6 13. f4 exf4 14. Nxf4 Nxf4 15.
Bxf4 Bxf4 16. Rxf4 Be6 17. Bxe6 fxe6 18. e5 Nh7 19. Rxf8+ Nxf8 20. Qf3 c6 21.
Rf1 1/2-1/2

[Event "World Senior Teams +65"]
[Site "Radebeul GER"]
[Date "2016.07.01"]
[Round "6.22"]
[Board "3"]
[White "Deppe, Christian"]
[Black "Wenske, Hardy"]
[Result "1-0"]
[WhiteElo "1850"]
[BlackElo "1823"]
[WhiteTeam "SV Dresden-Striesen 1990 e.V."]
[BlackTeam "Randbauern"]
[WhiteFideId "12911224"]
[BlackFideId "24611212"]
[EventDate "2016.06.26"]

1. f4 d6 2. Nf3 Bg4 3. e4 Nd7 4. h3 Bxf3 5. Qxf3 c6 6. Bc4 e6 7. O-O d5 8. exd5
cxd5 9. Be2 Bc5+ 10. Kh1 Ne7 11. c3 O-O 12. d4 Bd6 13. Nd2 Nf5 14. g4 Ne7 15.
Qg2 Ng6 16. Nb3 Qc7 17. Qf3 Nf6 18. Bd3 Ne7 19. Be3 b6 20. Rae1 Nd7 21. Bc1 Qd8
22. Re2 a5 23. a4 Bc7 24. h4 Nf6 25. Rg2 Ne4 26. Bxe4 dxe4 27. Qxe4 Qd5 28. Qxd5
Nxd5 29. c4 Ne7 30. Be3 Rfb8 31. Nd2 Rc8 32. b3 Rab8 33. Nf3 Bd6 34. h5 Bc7 35.
Rd2 Rd8 36. Rfd1 Bd6 37. Ne5 Bb4 38. Rd3 f6 39. Nf3 Kf7 40. d5 exd5 41. cxd5 Nc8
42. f5 Nd6 43. Nd4 Re8 44. Nc6 Rb7 45. Nxb4 axb4 46. Rc1 Re4 47. Rg1 Rc7 48. Rg2
Rc3 49. Rxc3 bxc3 50. Bxb6 Re1+ 51. Kh2 Rb1 52. Re2 Rb2 53. Rg2 Re2 54. Bd4 Rb2
55. Bxc3 Rxb3 56. Be1 Rb1 57. Re2 Ra1 58. Bb4 Nc4 1-0

[Event "World Senior Teams +65"]
[Site "Radebeul GER"]
[Date "2016.07.01"]
[Round "6.23"]
[Board "1"]
[White "Ewart, Brian R"]
[Black "Taksrud, Vidar"]
[Result "1/2-1/2"]
[WhiteElo "1909"]
[BlackElo "1979"]
[WhiteTeam "England 3"]
[BlackTeam "Norway 3"]
[WhiteFideId "415065"]
[BlackFideId "1502158"]
[EventDate "2016.06.26"]

1. d4 Nf6 2. c4 e6 3. g3 Bb4+ 4. Bd2 c5 5. Bxb4 cxb4 6. Bg2 O-O 7. Nf3 d5 8.
Nbd2 a5 9. O-O a4 10. Re1 Nc6 11. e4 dxe4 12. Nxe4 Nxe4 13. Rxe4 Ra5 14. Qd2 e5
15. d5 f5 16. Ree1 e4 17. Nd4 Nxd4 18. Qxd4 b6 19. f3 exf3 20. Bxf3 Qd6 21. Rad1
Bd7 22. Qh4 Rf6 23. Re2 Ra8 24. Rde1 Raf8 25. Re7 b5 26. cxb5 Bxb5 27. Qd4 Rc8
28. R1e6 Qc5 29. Qxc5 Rxc5 30. Rxf6 Rc1+ 31. Kf2 Rc2+ 32. Ke3 gxf6 33. d6 Rxb2
34. d7 Bxd7 35. Rxd7 Kf8 36. Bd5 Rxh2 37. Kd3 h5 38. Kd4 b3 39. axb3 axb3 40.
Kc3 b2 41. Rb7 Rh3 42. Kxb2 Rxg3 43. Rh7 f4 1/2-1/2

[Event "World Senior Teams +65"]
[Site "Radebeul GER"]
[Date "2016.07.01"]
[Round "6.23"]
[Board "2"]
[White "Nordby, Bernt"]
[Black "Phillips, William"]
[Result "1-0"]
[WhiteElo "2017"]
[BlackElo "1852"]
[WhiteTeam "Norway 3"]
[BlackTeam "England 3"]
[WhiteFideId "1500694"]
[BlackFideId "414344"]
[EventDate "2016.06.26"]

1. d4 Nf6 2. Nf3 e6 3. c4 b6 4. e3 Bb7 5. Bd3 c5 6. O-O cxd4 7. exd4 Be7 8. Nc3
d5 9. cxd5 exd5 10. Bg5 O-O 11. Re1 h6 12. Bh4 Nbd7 13. Qb3 Re8 14. Rad1 g5 15.
Bg3 Bf8 16. Rxe8 Qxe8 17. Re1 Qd8 18. Bf5 Bg7 19. h4 g4 20. Ne5 h5 21. Nxd7 Nxd7
22. Nxd5 Bxd5 23. Qxd5 Nf8 24. Qe4 Qxd4 25. Qxa8 1-0

[Event "World Senior Teams +65"]
[Site "Radebeul GER"]
[Date "2016.07.01"]
[Round "6.23"]
[Board "3"]
[White "Scowen, Roger S"]
[Black "Zakariassen, Tom"]
[Result "0-1"]
[WhiteElo "1849"]
[BlackElo "1797"]
[WhiteTeam "England 3"]
[BlackTeam "Norway 3"]
[WhiteFideId "418293"]
[BlackFideId "1513753"]
[EventDate "2016.06.26"]

1. e4 c5 2. Nf3 Nc6 3. d4 cxd4 4. Nxd4 Nf6 5. Nc3 e6 6. Be2 Bb4 7. Nxc6 bxc6 8.
Bd2 Bxc3 9. Bxc3 Nxe4 10. Bxg7 Rg8 11. Qd4 Qg5 12. Bf3 Qxg7 13. Qxg7 Rxg7 14.
Bxe4 d5 15. Bf3 e5 16. g3 e4 17. Bg2 Rb8 18. O-O-O Be6 19. c4 f5 20. cxd5 cxd5
21. b3 Rc7+ 22. Kb2 Rbc8 23. Rc1 Kd7 24. Rxc7+ Rxc7 25. Rd1 Kd6 26. f4 h5 27.
Rd4 Kc5 28. Kc3 Kd6+ 29. Kd2 Kc5 30. Ra4 d4 31. Ra5+ Kd6 32. Bh3 d3 33. Bxf5
Bxf5 34. Rxf5 Rc2+ 35. Kd1 e3 36. Re5 e2+ 37. Ke1 Rc1+ 38. Kd2 Rd1+ 39. Kc3
e1=Q+ 40. Rxe1 Rxe1 41. Kxd3 Rh1 42. Ke4 Rxh2 43. Kf5 Rxa2 44. Kg5 Rg2 0-1

[Event "World Senior Teams +65"]
[Site "Radebeul GER"]
[Date "2016.07.01"]
[Round "6.23"]
[Board "4"]
[White "Tveten, Per"]
[Black "Emerton, Keith"]
[Result "1/2-1/2"]
[WhiteElo "1537"]
[BlackElo "1789"]
[WhiteTeam "Norway 3"]
[BlackTeam "England 3"]
[WhiteFideId "1516701"]
[BlackFideId "447072"]
[EventDate "2016.06.26"]

1. e4 d6 2. Nf3 Nf6 3. Nc3 g6 4. Bc4 Bg7 5. O-O O-O 6. d3 c6 7. a3 b5 8. Ba2
Nbd7 9. Rb1 a5 10. Be3 Ng4 11. Nd4 Nb8 12. h3 Nxe3 13. fxe3 e5 14. Nf3 b4 15.
Ne2 Qb6 16. d4 c5 17. Ng5 Ra7 18. Qd3 Ba6 19. Bc4 Bxc4 20. Qxc4 h6 21. Nf3 Rc7
22. d5 Qa6 23. Nd2 Ra7 24. Ra1 Rc8 25. c3 Qxc4 26. Nxc4 Ra6 27. b3 bxc3 28. Nxc3
Bf8 29. Ra2 Nd7 30. Raf2 f6 31. g4 Rb8 32. Rb1 Kg7 33. a4 Nb6 34. Nb5 Nxc4 35.
bxc4 Rab6 36. Rbf1 Be7 37. h4 g5 38. h5 R8b7 39. Rf5 Bd8 40. R1f2 Be7 1/2-1/2

[Event "World Senior Teams +65"]
[Site "Radebeul GER"]
[Date "2016.07.01"]
[Round "6.24"]
[Board "2"]
[White "Ophoff, Rigobert"]
[Black "Chaabani, Abdelkader"]
[Result "1/2-1/2"]
[WhiteElo "1981"]
[BlackElo "1728"]
[WhiteTeam "Surprise"]
[BlackTeam "Tunisia"]
[WhiteFideId "4679750"]
[BlackFideId "5501989"]
[EventDate "2016.06.26"]

1. c4 d5 2. cxd5 Qxd5 3. Nc3 Qd8 4. g3 Nf6 5. Bg2 c6 6. Nf3 e6 7. d3 Be7 8. O-O
O-O 9. Rb1 Nbd7 10. b4 Nd5 11. Nxd5 cxd5 12. Qb3 b6 13. Bf4 Nf6 14. Rfc1 Bd6 15.
Bxd6 Qxd6 16. Qc3 Bd7 17. a3 Rfc8 18. Qe5 Qxe5 19. Nxe5 Rxc1+ 20. Rxc1 Rc8 21.
Rxc8+ Bxc8 22. Nc6 Bb7 23. Nxa7 Kf8 24. Nb5 Ke7 25. Kf1 Bc6 26. Nc3 b5 27. d4
Kd6 28. f3 Nd7 29. e4 Nb6 30. Ke2 Nc4 31. e5+ Kd7 32. a4 bxa4 33. b5 1/2-1/2

[Event "World Senior Teams +65"]
[Site "Radebeul GER"]
[Date "2016.07.01"]
[Round "6.24"]
[Board "3"]
[White "Aroua, Ahmed"]
[Black "Wittkugel, Friedhelm"]
[Result "0-1"]
[WhiteElo "1516"]
[BlackElo "1993"]
[WhiteTeam "Tunisia"]
[BlackTeam "Surprise"]
[WhiteFideId "5502497"]
[BlackFideId "24606162"]
[EventDate "2016.06.26"]

1. e4 g6 2. d4 d6 3. c4 Bg7 4. Be3 Nf6 5. Nc3 O-O 6. Be2 Nc6 7. h4 h5 8. f3 Qd7
9. Nh3 e5 10. d5 Ne7 11. Qd2 c6 12. Bh6 cxd5 13. cxd5 a6 14. Rg1 b5 15. Bxg7
Kxg7 16. Ng5 b4 17. Nd1 Qa7 18. Nf2 a5 19. g4 Ba6 20. gxh5 Nxh5 21. Bxa6 Qxa6
22. Ng4 Nf4 23. h5 Qd3 24. Qxd3 Nxd3+ 25. Kd2 gxh5 26. Kxd3 hxg4 27. Rxg4 Ng6
28. Rag1 Rg8 29. Ne6+ Kf6 30. Ng5 Rac8 31. Ke3 Rc2 32. f4 Rh8 33. fxe5+ Nxe5 34.
Rf4+ Ke7 35. Rgf1 Rg8 36. Rxf7+ Nxf7 37. Rxf7+ Ke8 38. Rf5 Rxb2 39. e5 dxe5 40.
Rxe5+ Kd7 41. Ne4 Rf8 42. d6 Rxa2 43. Kd4 Rf4 44. Kd5 Rxe4 45. Rxe4 Rd2+ 0-1

[Event "World Senior Teams +65"]
[Site "Radebeul GER"]
[Date "2016.07.01"]
[Round "6.25"]
[Board "1"]
[White "Werner, Helmut"]
[Black "Hilbig, Klaus"]
[Result "1/2-1/2"]
[WhiteElo "1913"]
[BlackElo "1680"]
[WhiteTeam "BSV Chemie Radebeul"]
[BlackTeam "Dresdner Seniorenklub"]
[WhiteFideId "16203348"]
[BlackFideId "4653378"]
[EventDate "2016.06.26"]

1. e4 e6 2. d4 d5 3. Nd2 c5 4. Ngf3 dxe4 5. Nxe4 cxd4 6. Qxd4 Qxd4 7. Nxd4 a6 8.
Bf4 Nf6 9. Nd6+ Bxd6 10. Bxd6 Bd7 11. f3 Nc6 12. Nb3 b6 13. O-O-O Nd5 14. Re1
Ncb4 15. a3 Nc6 16. Bc4 Nde7 17. Rd1 Ra7 18. Bd3 O-O 19. Be4 Rc8 20. Rd2 f5 21.
Bxc6 Bxc6 22. Bxe7 Rxe7 23. Nd4 Bd5 24. Re1 1/2-1/2

[Event "World Senior Teams +65"]
[Site "Radebeul GER"]
[Date "2016.07.01"]
[Round "6.25"]
[Board "3"]
[White "Fitzner, Hans"]
[Black "Gafke, Manfred"]
[Result "0-1"]
[WhiteElo "1356"]
[BlackElo "1816"]
[WhiteTeam "BSV Chemie Radebeul"]
[BlackTeam "Dresdner Seniorenklub"]
[WhiteFideId "12998575"]
[BlackFideId "24602493"]
[EventDate "2016.06.26"]

1. d4 d5 2. c4 c6 3. Nf3 Nf6 4. Nc3 Nbd7 5. cxd5 cxd5 6. Qa4 g6 7. Bg5 Bg7 8. e3
O-O 9. Rc1 Nb6 10. Qb3 Bg4 11. Be2 Rc8 12. O-O Bxf3 13. Bxf3 e6 14. e4 dxe4 15.
Nxe4 Qxd4 16. Nxf6+ Bxf6 17. Bxf6 Qxf6 18. Bxb7 Rb8 19. Rc7 Nd5 20. Rd7 Qf4 21.
a3 Nb6 22. Rfd1 Nxd7 23. Rxd7 Qc1+ 24. Rd1 Qc7 25. Qf3 Qxb7 26. Qxb7 Rxb7 27. b4
Rc7 28. g3 Rfc8 29. Rd3 Rc3 30. Re3 Rxe3 31. fxe3 Rc3 0-1

[Event "World Senior Teams +65"]
[Site "Radebeul GER"]
[Date "2016.07.02"]
[Round "7.1"]
[Board "2"]
[White "Petschar, Kurt"]
[Black "Balashov, Yuri S"]
[Result "1/2-1/2"]
[WhiteTitle "FM"]
[BlackTitle "GM"]
[WhiteElo "2278"]
[BlackElo "2408"]
[WhiteTeam "Austria"]
[BlackTeam "Russia 65+"]
[WhiteFideId "1600478"]
[BlackFideId "4100263"]
[EventDate "2016.06.26"]

1. c4 Nf6 2. Nf3 e6 3. d4 b6 4. g3 Ba6 5. Qc2 c5 6. Bg2 Nc6 7. dxc5 Bxc5 8. O-O
Rc8 9. Qa4 Bb7 10. Nc3 O-O 11. Bf4 Nh5 12. Rfd1 Nxf4 13. gxf4 Qe7 14. e3 Bb4 15.
Rac1 Bxc3 16. Rxc3 Rc7 17. Rcd3 Rfc8 18. Qb5 Nb8 19. Ne5 Bxg2 20. Kxg2 f6 21.
Nxd7 a6 22. Qa4 b5 23. Nxf6+ gxf6 24. cxb5 axb5 25. Qxb5 Kh8 26. e4 Rb7 27. Qa5
Rg8+ 28. Rg3 Rxb2 29. Qc3 Rb7 30. Rxg8+ Kxg8 31. Qc8+ Kg7 32. Rd3 Qf7 33. Rg3+
Kh6 34. Rh3+ Kg7 35. Rg3+ Kh6 36. Rh3+ Kg7 37. Rg3+ 1/2-1/2

[Event "World Senior Teams +65"]
[Site "Radebeul GER"]
[Date "2016.07.02"]
[Round "7.1"]
[Board "3"]
[White "Zhelnin, Vladimir V"]
[Black "Titz, Heimo"]
[Result "1-0"]
[WhiteTitle "IM"]
[BlackTitle "FM"]
[WhiteElo "2455"]
[BlackElo "2160"]
[WhiteTeam "Russia 65+"]
[BlackTeam "Austria"]
[WhiteFideId "4105567"]
[BlackFideId "1601520"]
[EventDate "2016.06.26"]

1. e4 c5 2. Nf3 e6 3. d4 cxd4 4. Nxd4 Nc6 5. Nc3 Qc7 6. Be2 a6 7. O-O b5 8. a3
Bb7 9. Kh1 Nf6 10. f4 Nxd4 11. Qxd4 Bc5 12. Qd3 d5 13. e5 Ne4 14. Be3 Rc8 15.
Nd1 O-O 16. c3 f6 17. exf6 Rxf6 18. Kg1 Rxf4 19. Rxf4 Qxf4 20. a4 Bc6 21. a5 Rf8
22. Bxc5 Nxc5 23. Qe3 Qxe3+ 24. Nxe3 Nb3 25. Ra3 Nd2 26. Ra2 Kf7 27. Nc2 Ke7 28.
Nd4 Kd6 29. Bd3 Ne4 30. Ra1 Nf6 31. Re1 Re8 32. Re3 Bd7 33. Nc2 e5 34. Nb4 Bc8
35. Re1 Bb7 36. Rd1 h6 37. h3 Rf8 38. Bg6 Ng8 39. Bd3 Ne7 40. Bc2 h5 41. h4 Rf4
42. g3 Rf3 43. Kh2 d4 44. cxd4 e4 45. Re1 e3 46. Nd3 Be4 47. Bd1 Rf8 48. Rxe3
Bxd3 49. Rxd3 Rf2+ 50. Kh3 Rxb2 51. Bxh5 Nc6 52. Bf7 b4 53. h5 Nxa5 54. Re3 Nc6
55. Re6+ Kd7 56. d5 Nd8 57. Be8+ Kc7 58. Rxa6 Nb7 59. Rg6 Nd6 60. Rxg7+ Kb6 61.
Bg6 b3 62. h6 Rc2 63. h7 Rc1 64. Rg8 1-0